Statistics for Top World Languages - Indo-European Edition

Click here to take the quiz!

General Stats

  • This quiz has been taken 632 times
  • The average score is 20 of 32

Answer Stats

#Language% Correct
360 mil.English
98%
405 mil.Spanish
98%
75 mil.French
97%
215 mil.Portuguese
97%
95 mil.German
96%
59 mil.Italian
96%
155 mil.Russian
95%
310 mil.Hindi
91%
40 mil.Polish
91%
21 mil.Dutch
89%
30 mil.Ukrainian
88%
24 mil.Romanian
84%
19 mil.Serbo-Croatian
80%
66 mil.Urdu
80%
49 mil.Persian
79%
205 mil.Bengali
78%
100 mil.Punjabi
74%
73 mil.Marathi
63%
49 mil.Gujarati
62%
39 mil.Pashto
61%
17 mil.Nepali
49%
21 mil.Kurdish
37%
26 mil.Sindhi
37%
37 mil.Odia
34%
16 mil.Sinhalese
33%
15 mil.Assamese
30%
29 mil.Bhojpuri
27%
27 mil.Maithili
26%
17 mil.Saraiki
9%
22 mil.Awadhi
8%
16 mil.Chittagonian
7%
14 mil.Marwari
6%

Score Distribution

Percentile by Number Answered

Percent of People with Each Score

Your Score History

You have not taken this quiz